[Event "SVK-ch U12"]
[Site "Tatralandia"]
[Date "2015.04.22"]
[Round "6"]
[White "Viczencz, Peter"]
[Black "Gazik, Jakub"]
[Result "1-0"]
[WhiteElo "1818"]
[BlackElo "1510"]
[PlyCount "63"]
[EventDate "2015.04.18"]
[EventType "swiss"]
[EventRounds "9"]
[EventCountry "SVK"]
[SourceTitle "CBM 166 Extra"]
[Source "ChessBase"]
[SourceDate "2015.06.18"]
[SourceVersion "1"]
[SourceVersionDate "2015.06.18"]
[SourceQuality "1"]

1. e4 e6 2. d4 d5 3. Nc3 Nf6 4. Bg5 Be7 5. e5 Nfd7 6. Bxe7 Qxe7 7. Qd2 a6 8. f4 c5 9. Nf3 Nc6 10. Be2 b5 11. a3 b4 12. axb4 cxb4 13. Nb5 0-0 14. 0-0 Nb6 15. Nd6 Bb7 16. Qd3 Nc4 17. Ng5 g6 18. Qh3 f5 19. Nxc4 Nxd4 20. Nb6 Nxe2+ 21. Kh1 Rab8 22. Qe3 Bc6 23. Rxa6 Bb5 24. Ra5 Ng3+ 25. hxg3 Bxf1 26. Kg1 Be2 27. Qd4 Qc7 28. Nxd5 Qxa5 29. Ne7+ Kh8 30. Qd7 Bb5 31. Nxg6+ hxg6 32. Qh7# 1-0

[Event "SVK-ch U12"]
[Site "Tatralandia"]
[Date "2015.04.21"]
[Round "5"]
[White "Gazik, Jakub"]
[Black "Turcan, Richard"]
[Result "1/2-1/2"]
[WhiteElo "1510"]
[BlackElo "1281"]
[PlyCount "29"]
[EventDate "2015.04.18"]
[EventType "swiss"]
[EventRounds "9"]
[EventCountry "SVK"]
[SourceTitle "CBM 166 Extra"]
[Source "ChessBase"]
[SourceDate "2015.06.18"]
[SourceVersion "1"]
[SourceVersionDate "2015.06.18"]
[SourceQuality "1"]

1. d4 c5 2. c3 e6 3. e4 d5 4. exd5 exd5 5. Nf3 Nf6 6. Bf4 Nc6 7. Bd3 cxd4 8. cxd4 Bb4+ 9. Nbd2 0-0 10. 0-0 Bg4 11. Qa4 Qb6 12. Be3 Bxd2 13. Nxd2 Nb4 14. Bb5 Nc2 15. Qxc2 1/2-1/2

[Event "SVK-ch U12"]
[Site "Tatralandia"]
[Date "2015.04.20"]
[Round "3"]
[White "Gazik, Jakub"]
[Black "Steiniger, Florian"]
[Result "1-0"]
[WhiteElo "1510"]
[BlackElo "1388"]
[PlyCount "117"]
[EventDate "2015.04.18"]
[EventType "swiss"]
[EventRounds "9"]
[EventCountry "SVK"]
[SourceTitle "CBM 166 Extra"]
[Source "ChessBase"]
[SourceDate "2015.06.18"]
[SourceVersion "1"]
[SourceVersionDate "2015.06.18"]
[SourceQuality "1"]

1. e4 e5 2. Nf3 Nc6 3. Bc4 Bc5 4. c3 Nf6 5. d4 exd4 6. cxd4 Bb4+ 7. Nc3 d5 8. exd5 Nxd5 9. Bd2 Nxc3 10. Bxc3 Bxc3+ 11. bxc3 0-0 12. 0-0 Bg4 13. Qd3 Qf6 14. Nd2 Rfe8 15. Rfe1 Qf4 16. Nb3 Bf5 17. Qd2 Qxd2 18. Nxd2 Na5 19. Bd5 c6 20. Bf3 Rxe1+ 21. Rxe1 Be6 22. a3 Kf8 23. Ne4 b6 24. Ng5 Bf5 25. g4 Bg6 26. h4 h6 27. h5 Bxh5 28. Nh7+ Kg8 29. Nf6+ gxf6 30. gxh5 Kf8 31. Kg2 Re8 32. Rxe8+ Kxe8 33. Kg3 Ke7 34. Kf4 c5 35. d5 Nc4 36. a4 Nb2 37. Kf5 Nxa4 38. c4 Nb2 39. d6+ Kxd6 40. Kxf6 Nxc4 41. Kg7 Ne5 42. Bd1 Ke7 43. f4 Nd7 44. f5 f6 45. Kxh6 Nf8 46. Kg7 b5 47. h6 a5 48. Bb3 c4 49. Ba2 c3 50. Bb1 b4 51. Bc2 Ke8 52. Ba4+ Ke7 53. Kg8 c2 54. Bxc2 Ke8 55. Ba4+ Ke7 56. Kg7 Ne6+ 57. fxe6 Kxe6 58. h7 Ke5 59. h8Q 1-0